[Event "CAN-ch International"]
[Site "Longueuil"]
[Date "2019.10.12"]
[Round "2"]
[White "Poulin, Maurice"]
[Black "Martinez Mulet, Dario Leonel"]
[Result "0-1"]
[WhiteElo "2051"]
[BlackElo "2127"]
[PlyCount "50"]
[EventDate "2019.10.11"]
[EventType "swiss"]
[EventRounds "5"]
[EventCountry "CAN"]
[SourceTitle "CBM 192 Extra"]
[Source "Chessbase"]
[SourceDate "2019.11.06"]
[SourceVersion "1"]
[SourceVersionDate "2019.11.06"]
[SourceQuality "1"]

1. e4 c6 2. d4 d5 3. exd5 cxd5 4. Bd3 Nc6 5. c3 Qc7 6. Ne2 Bg4 7. f3 Bh5 8. Nf4 Nf6 9. g4 Bg6 10. Bxg6 hxg6 11. g5 Nh5 12. Nxh5 Rxh5 13. f4 e6 14. Be3 Bd6 15. 0-0 0-0-0 16. Rf2 Rh4 17. Qf1 Rdh8 18. c4 dxc4 19. Qxc4 Rg4+ 20. Kh1 Bxf4 21. d5 Bxe3 22. Qxg4 Bxf2 23. Qg2 Nd4 24. Nc3 Nf3 25. Ne2 Rxh2+ 0-1